Statistics for 2019 World Athletics Champions

Click here to take the quiz!

General Stats

  • This quiz has been taken 12 times
  • The average score is 16 of 44

Answer Stats

HintAnswer% Correct
100mChristian Coleman
88%
10000mSifan Hassan
88%
1500mSifan Hassan
88%
200mDina Asher-Smith
75%
400m HurdlesKarsten Warholm
75%
High JumpMutaz Essa Barshim
75%
200mNoah Lyles
75%
100mShelly-Ann Fraser-Pryce
75%
HeptathlonKatarina Johnson-Thompson
63%
Long JumpTajay Gayle
63%
Triple JumpYulimar Rojas
63%
400m HurdlesDelilah Muhammad
50%
110m HurdlesGrant Holloway
50%
3000m SteeplechaseBeatrice Chepkoech
38%
Discus ThrowDaniel Stahl
38%
Long JumpMalaika Mihambo
38%
400mSalwa Eid Naser
38%
Pole VaultSam Kendricks
38%
400mSteven Gardiner
38%
1500mTimothy Cheruiyot
38%
Triple JumpChristian Taylor
25%
800mHalimah Nakaayi
25%
5000mHellen Obiri
25%
Shot PutJoe Kovacs
25%
20k WalkLiu Hong
25%
High JumpMariya Lasitskene
25%
5000mMuktar Edris
25%
100m HurdlesNia Ali
25%
DecathlonNiklas Kaul
25%
Javelin ThrowAnderson Peters
13%
Pole VaultAnzhelika Sidorova
13%
3000m SteeplechaseConseslus Kipruto
13%
Hammer ThrowDeAnna Price
13%
800mDonavan Brazier
13%
10000mJoshua Cheptegei
13%
Javelin ThrowKelsey-Lee Barber
13%
MarathonLelisa Desisa
13%
50k WalkLiang Rui
13%
Hammer ThrowPawel Fajdek
13%
MarathonRuth Chepngetich
13%
Discus ThrowYaime Perez
13%
50k WalkYusuke Suzuki
13%
Shot PutGong Lijiao
0%
20k WalkToshikazu Yamanishi
0%

Score Distribution

Percentile by Number Answered

Percent of People with Each Score

Your Score History

You have not taken this quiz